000 00873nam a22002417a 4500
001 3807
003 FISKH
005 20240510084832.0
008 240510b cb ||||| |||| 00| 0 eng d
040 _aFISK
_beng
_cFISK
_dFISK
050 _aPR6062.L39
082 _a823.914
100 _aLlewellyn Sam
_d1948-
245 _aDeadeye /
_cSam Llewellyn
260 _aLondon :
_bSpere Books Ltd,
_c1991
300 _a368 pages :
_c19 cm
505 _aM
520 _aHarry Frazer, smart solicitor and keen sailor, is caught in fog at night in his new cruiser-racer off Scotland and involved in a collision that almost kills him. As a result he is drawn into a world ruled by greed and violence. The author's other books include Death Roll and Hell Bay.
521 8 _aestimates,
_bLexile
700 _aSam Llewellyn
942 _2ddc
_cBK
_n0
999 _c3807
_d3807